| 000 | 01862nam a2200433Ia 4500 | ||
|---|---|---|---|
| 001 | ebr10688100 | ||
| 003 | CaPaEBR | ||
| 006 | m u | ||
| 007 | cr cn||||||||| | ||
| 008 | 100111s2008 njuab sb 001 0 eng d | ||
| 010 | _z 2010290049 | ||
| 020 | _z9789812791580 (hbk.) | ||
| 020 | _z9812791582 (hbk.) | ||
| 020 | _z9789812791597 | ||
| 040 |
_aCaPaEBR _cCaPaEBR |
||
| 035 | _a(OCoLC)832771609 | ||
| 050 | 1 | 4 |
_aHD9502.A2 _bS493 2008eb |
| 082 | 0 | 4 |
_a333.79 _222 |
| 100 | 1 | _aSinger, Clifford. | |
| 245 | 1 | 0 |
_aEnergy and international war _h[electronic resource] : _bfrom Babylon to Baghdad and beyond / _cClifford E. Singer. |
| 260 |
_aNew Jersey : _bWorld Scientific, _cc2008. |
||
| 300 |
_axviii, 434 p. : _bill., maps. |
||
| 490 | 1 |
_aWorld Scientific series on energy and resource economics, _x1793-4184 ; _vv. 6 |
|
| 504 | _aIncludes bibliographical references (p. 383-419) and index. | ||
| 533 |
_aElectronic reproduction. _bPalo Alto, Calif. : _cebrary, _d2013. _nAvailable via World Wide Web. _nAccess may be limited to ebrary affiliated libraries. |
||
| 650 | 0 |
_aPower resources _xPolitical aspects. |
|
| 650 | 0 |
_aSecurity, International _xEconomic aspects. |
|
| 650 | 0 |
_aStrategic materials _xPolitical aspects. |
|
| 650 | 0 |
_aNatural resources _xPolitical aspects. |
|
| 650 | 0 |
_aEnergy industries _xPolitical aspects. |
|
| 650 | 0 |
_aWorld politics _y20th century. |
|
| 650 | 0 |
_aWorld politics _y21st century. |
|
| 651 | 0 |
_aMiddle East _xHistory, Military _y20th century. |
|
| 651 | 0 |
_aMiddle East _xHistory, Military _y21st century. |
|
| 655 | 7 |
_aElectronic books. _2local |
|
| 710 | 2 | _aebrary, Inc. | |
| 830 | 0 |
_aWorld Scientific series on energy and resource economics, _x1793-4184 ; _vv. 6. |
|
| 856 | 4 | 0 |
_uhttp://site.ebrary.com/lib/rucke/Doc?id=10688100 _zAn electronic book accessible through the World Wide Web; click to view |
| 999 |
_c12619 _d12619 |
||